000 01491nam0a2200373 4500
001 RU\NLR\bibl\214630
005 20260408184250.0
021 _aRU
_b2001-21169
_91002
035 _a(NLR Aleph) 000210768
090 _a1223365
_c1223365
100 _a20010724d2000 |||y0rusy50 ca
101 0 _arus
102 _aRU
105 _ay |||||||||
200 1 _aО сущности и границах языковой модальности
_eНа материале башк. и др. тюрк. яз.
_fМ. В. Зайнуллин
_gМ-во образования Рос. Федерации, Башк. гос. ун-т
210 _aУфа
_cБГУ
_d2000
215 _a292 с.
_d20
320 _aБиблиогр.: с. 261-291
606 _aТюркские языки
_xКатегория модальности
_3RU\NLR\auth\661112747
_91816524
610 0 _aМодальность в башкирском языке
610 0 _aБашкирский язык - Семантика
610 0 _aТюркские языки - Сравнительное изучение
675 _a811.51
_v3
_zrus
686 _a16.41
_2rugasnti
686 _a81.2
_2rubbk
686 _aШ163-2
686 _aШ163-32
700 1 _4340
_8rus
_7ca
_aЗайнуллин
_bМ. В.
_f1935-2016
_gМарат Валиевич
_3RU\NLR\AUTH\7748564
_931499
801 0 _aRU
_bRKP
_c20010724
_gPSBO
801 1 _aRU
_bRKP
_c20010724
801 2 _aRU
_bNLR
_c20070220
_grcr
942 _cBOOK
980 _aNB